| 000 | 00000nam##2200000za#4500 |
| 001 | 9.596775 |
| 003 | CaOODSP |
| 005 | 20210624203714 |
| 007 | cr ||||||||||| |
| 008 | 150406|2003||||xxc|||||o f|0| 0 fre|d |
| 040 | |aCaOODSP|bfre |
| 043 | |an-cn--- |
| 086 | 1 |aH50-3/162-2003F-PDF |
| 110 | 1 |aCanada. |bSanté Canada. |
| 245 | 13|aLa maladie mangeuse de chair |h[ressource électronique] |
| 260 | |bSanté Canada |cJanvier 2003. |
| 300 | |a2p. |
| 490 | 1 |aVotre santé et vous |
| 590 | |a08-46|b2008-11-14 |
| 775 | 08|tFlesh-eating disease |w(CaOODSP)9.565134 |
| 776 | 0#|tLa maladie mangeuse de chair |w(CaOODSP)9.628068 |
| 830 | #0|aVotre santé et vous.|w(CaOODSP)9.501134 |
| 856 | 40|ahttp://publications.gc.ca|qPDF|s73 Ko|uhttps://publications.gc.ca/collections/collection_2008/hc-sc/H50-3-162-2003F.pdf |